[Event "MSU Cup"]
[Site "Moscow"]
[Date "2024.04.22"]
[Round "2.15"]
[White "Ezizov, Muhammet"]
[Black "Atakishiyev, Elmar"]
[Result "0-1"]
[WhiteElo "1909"]
[BlackElo "2356"]
[PlyCount "158"]
[EventDate "2024.04.22"]
[EventType "team-tourn"]
[EventRounds "9"]
[EventCountry "RUS"]
[SourceTitle "CB18_2024"]
[SourceDate "2024.05.01"]
[SourceVersion "1"]
[SourceVersionDate "2024.05.01"]
[SourceQuality "2"]
[WhiteTeam "Turkmenistan"]
[BlackTeam "Azerbaijan"]
[WhiteTeamCountry "TKM"]
[BlackTeamCountry "AZE"]

1. e4 c5 2. Nf3 a6 3. c3 e6 4. d4 d5 5. e5 Bd7 6. Bd3 Bb5 7. 0-0 Bxd3 8. Qxd3 Nc6 9. a3 c4 10. Qc2 b5 11. Be3 Nge7 12. Bg5 Qc7 13. Bxe7 Bxe7 14. Nbd2 a5 15. h3 0-0 16. Rfe1 b4 17. axb4 axb4 18. Reb1 Qb7 19. Qd1 Rxa1 20. Rxa1 Ra8 21. Ra4 g6 22. Qa1 Rb8 23. Ra6 Qb5 24. g4 Bd8 25. Ra8 Ba5 26. Rxb8+ Nxb8 27. Kg2 Nd7 28. Ng1 Nb6 29. Ne2 Qa4 30. Qb1 Qb5 31. Qa1 Na4 32. Nb1 Kg7 33. h4 h6 34. h5 gxh5 35. gxh5 bxc3 36. bxc3 Qb3 37. Kh2 Qc2 38. Kg2 Qxe2 39. Qxa4 Qg4+ 40. Kf1 Qxh5 41. Qxa5 Qh1+ 42. Ke2 Qxb1 43. Kf3 Qh1+ 44. Ke2 Qb1 45. Kf3 Qe4+ 46. Kg3 h5 47. Qd8 Qg4+ 48. Kh2 Qf4+ 49. Kg2 h4 50. Kh3 Qf3+ 51. Kxh4 Qxf2+ 52. Kh3 Qe3+ 53. Kg2 Qd2+ 54. Kg1 Qc1+ 55. Kg2 Qc2+ 56. Kg1 Qg6+ 57. Kf1 Qf5+ 58. Ke1 Kg6 59. Qg8+ Kh5 60. Qg7 Qe4+ 61. Kf2 Qf4+ 62. Ke1 Qe3+ 63. Kf1 Qf3+ 64. Ke1 Qxc3+ 65. Kf1 Qd3+ 66. Ke1 Qe3+ 67. Kf1 Qf4+ 68. Ke1 Qe4+ 69. Kf1 Qg6 70. Qh8+ Kg4 71. Kg2 Kf4+ 72. Kf1 Qd3+ 73. Kg2 Qf3+ 74. Kg1 Ke3 75. Qh6+ Qf4 76. Qh3+ Kxd4 77. Qh5 Qe3+ 78. Kg2 c3 79. Qd1+ Qd2+ 0-1

[Event "Moscow Aeroflot op-A"]
[Site "Moscow"]
[Date "2024.03.03"]
[Round "2"]
[White "Atakishiyev, Elmar"]
[Black "Yagupov, Igor"]
[Result "1/2-1/2"]
[WhiteElo "2349"]
[BlackElo "2290"]
[PlyCount "35"]
[EventDate "2024.03.03"]
[EventType "swiss"]
[EventRounds "9"]
[EventCountry "RUS"]
[SourceTitle "CB11_2024"]
[SourceDate "2024.03.13"]
[SourceVersion "1"]
[SourceVersionDate "2024.03.13"]
[SourceQuality "1"]

1. Nf3 d5 2. g3 Bg4 3. Bg2 Nd7 4. d4 c6 5. 0-0 Ngf6 6. Nbd2 e6 7. Re1 Be7 8. e4 0-0 9. c3 a5 10. a4 Bh5 11. h3 Bg6 12. exd5 cxd5 13. Nh4 Bd3 14. Nf1 Ba6 15. Qb3 Ne8 16. Nf3 Nd6 17. Bf4 Rb8 18. Qa2 1/2-1/2

[Event "Baku Jafarov Memorial"]
[Site "Baku"]
[Date "2024.01.09"]
[Round "8"]
[White "Talibov, Shiroghlan"]
[Black "Atakishiyev, Elmar"]
[Result "1/2-1/2"]
[WhiteElo "2332"]
[BlackElo "2361"]
[PlyCount "26"]
[EventDate "2024.01.04"]
[EventType "tourn"]
[EventRounds "9"]
[EventCountry "AZE"]
[EventCategory "6"]
[SourceTitle "CB02_2024"]
[SourceDate "2024.01.10"]
[SourceVersion "1"]
[SourceVersionDate "2024.01.10"]
[SourceQuality "1"]

1. e4 e5 2. Nf3 Nc6 3. Nc3 Nf6 4. Bb5 Bb4 5. d3 d6 6. 0-0 0-0 7. Bg5 Bxc3 8. bxc3 Qe7 9. Bxc6 bxc6 10. h3 h6 11. Be3 Be6 12. c4 c5 13. Qd2 Rab8 1/2-1/2

[Event "Titled Tuesday intern op 19th Sep Early"]
[Site "Chess.com INT"]
[Date "2023.09.19"]
[Round "2"]
[White "Atakishiyev, Elmar"]
[Black "Hernando Rodrigo, Julio Antonio"]
[Result "1-0"]
[WhiteElo "2361"]
[BlackElo "2208"]
[PlyCount "63"]
[EventDate "2023.09.19"]
[EventType "swiss (blitz)"]
[EventRounds "11"]
[EventCountry "USA"]
[SourceTitle "EXT 2024"]
[Source "ChessBase"]
[SourceDate "2023.10.10"]
[SourceVersion "1"]
[SourceVersionDate "2023.10.10"]
[SourceQuality "1"]

1. d4 Nf6 2. c4 c5 3. d5 b5 4. cxb5 a6 5. e3 g6 6. Nc3 Bg7 7. Nf3 0-0 8. a4 e6 9. e4 exd5 10. exd5 Re8+ 11. Be2 axb5 12. Nxb5 Qa5+ 13. Bd2 Qb6 14. Bc3 Bb7 15. 0-0 Nxd5 16. Bxg7 Kxg7 17. Bc4 Qc6 18. Bxd5 Qxd5 19. Qxd5 Bxd5 20. Nc7 Bxf3 21. Nxe8+ Kf8 22. Nc7 Bc6 23. Nxa8 Bxa8 24. a5 Nc6 25. a6 Ke7 26. a7 Kd8 27. Rfe1 Nd4 28. Ra5 d6 29. f3 Ne6 30. Rb5 Kc7 31. Rb8 Bb7 32. a8Q 1-0

[Event "Titled Tuesday intern op 19th Sep Early"]
[Site "Chess.com INT"]
[Date "2023.09.19"]
[Round "4"]
[White "Oparin, Grigoriy"]
[Black "Atakishiyev, Elmar"]
[Result "0-1"]
[WhiteElo "2681"]
[BlackElo "2361"]
[PlyCount "82"]
[EventDate "2023.09.19"]
[EventType "swiss (blitz)"]
[EventRounds "11"]
[EventCountry "USA"]
[SourceTitle "EXT 2024"]
[Source "ChessBase"]
[SourceDate "2023.10.10"]
[SourceVersion "1"]
[SourceVersionDate "2023.10.10"]
[SourceQuality "1"]

1. Nc3 Nf6 2. e4 e5 3. Bc4 Nc6 4. d3 Bb4 5. Nge2 d5 6. exd5 Nxd5 7. 0-0 Bxc3 8. Nxc3 Nxc3 9. bxc3 0-0 10. Re1 Re8 11. Rb1 Rb8 12. Bb5 Bd7 13. Qh5 Qf6 14. Be3 a6 15. Ba4 b5 16. Bb3 Be6 17. Bc5 Bxb3 18. axb3 Re6 19. Re3 Qg6 20. Qe2 Rbe8 21. Re1 Nb8 22. c4 Nd7 23. Bb4 bxc4 24. bxc4 h6 25. Bc3 Qf6 26. h3 Qe7 27. Ra1 e4 28. d4 f5 29. d5 Rg6 30. f3 Nc5 31. Bb4 Qe5 32. Re1 f4 33. Ra3 Qd4+ 34. Kh1 Nd7 35. Bc3 Qc5 36. Ra5 Qd6 37. fxe4 Rg3 38. e5 Qg6 39. e6 f3 40. Qe4 Rxh3+ 41. gxh3 Qg2# 0-1

[Event "Abu Dhabi op 29th"]
[Site "Abu Dhabi"]
[Date "2023.08.19"]
[Round "4"]
[White "Zhao, Yuanhe"]
[Black "Atakishiyev, Elmar"]
[Result "1-0"]
[WhiteElo "2456"]
[BlackElo "2351"]
[PlyCount "61"]
[EventDate "2023.08.16"]
[EventType "swiss"]
[EventRounds "9"]
[EventCountry "UAE"]
[SourceTitle "EXT 2024"]
[Source "ChessBase"]
[SourceDate "2023.10.10"]
[SourceVersion "1"]
[SourceVersionDate "2023.10.10"]
[SourceQuality "1"]

1. Nf3 Nf6 2. c4 e6 3. Nc3 d5 4. e3 b6 5. b3 Bb7 6. Bb2 Nbd7 7. Rc1 a6 8. cxd5 exd5 9. Ne2 Rc8 10. h4 h5 11. Qc2 c5 12. Ng3 Be7 13. Ng5 b5 14. Nf5 Kf8 15. Rh3 d4 16. a4 Nd5 17. axb5 Nb4 18. Qb1 g6 19. Nxe7 Qxe7 20. bxa6 Bd5 21. Bxd4 cxd4 22. Rxc8+ Kg7 23. Rxh8 Kxh8 24. Bc4 Bxc4 25. bxc4 d3 26. a7 Nc2+ 27. Kf1 Qa3 28. Nxf7+ Kg8 29. Rf3 Qxa7 30. Nh6+ Kh7 31. Qb2 1-0

[Event "Titled Tuesday intern op 25th Apr Early"]
[Site "Chess.com INT"]
[Date "2023.04.25"]
[Round "2"]
[White "Herman, Daniel"]
[Black "Atakishiyev, Elmar"]
[Result "0-1"]
[WhiteElo "1956"]
[BlackElo "2363"]
[PlyCount "74"]
[EventDate "2023.04.25"]
[EventType "swiss (blitz)"]
[EventRounds "11"]
[EventCountry "USA"]
[SourceTitle "EXT 2024"]
[Source "ChessBase"]
[SourceDate "2023.10.10"]
[SourceVersion "1"]
[SourceVersionDate "2023.10.10"]
[SourceQuality "1"]

1. c4 g6 2. Nc3 Bg7 3. e4 d6 4. d4 Nf6 5. Nf3 0-0 6. h3 e5 7. d5 a5 8. g4 Na6 9. Be3 Nc5 10. Nd2 Bd7 11. Qf3 a4 12. 0-0-0 c6 13. Kb1 Qa5 14. a3 Rfb8 15. Bg5 Ne8 16. h4 h6 17. Be3 b5 18. Bxc5 dxc5 19. dxc6 Bxc6 20. cxb5 Bxb5 21. Bxb5 Rxb5 22. Nxb5 Qxb5 23. Nf1 Rb8 24. Qc3 Nc7 25. Ne3 Ne6 26. Nc4 Nd4 27. Rh3 Qb7 28. Re3 Bf6 29. h5 Bg5 30. Red3 Qxe4 31. hxg6 fxg6 32. Nd6 Qe2 33. Qc4+ Kh8 34. Nf7+ Kg7 35. b4 axb3 36. Nxg5 Qa2+ 37. Kc1 Ne2# 0-1

[Event "Titled Tuesday intern op 25th Apr Early"]
[Site "Chess.com INT"]
[Date "2023.04.25"]
[Round "9"]
[White "Lazavik, Denis"]
[Black "Atakishiyev, Elmar"]
[Result "1-0"]
[WhiteElo "2544"]
[BlackElo "2363"]
[PlyCount "109"]
[EventDate "2023.04.25"]
[EventType "swiss (blitz)"]
[EventRounds "11"]
[EventCountry "USA"]
[SourceTitle "EXT 2024"]
[Source "ChessBase"]
[SourceDate "2023.10.10"]
[SourceVersion "1"]
[SourceVersionDate "2023.10.10"]
[SourceQuality "1"]

1. d4 Nf6 2. c4 g6 3. Nc3 Bg7 4. e4 d6 5. h3 0-0 6. Be3 e5 7. d5 a5 8. g4 Na6 9. Nge2 Nc5 10. Ng3 Bd7 11. Qd2 a4 12. f3 c6 13. Be2 Qa5 14. g5 Ne8 15. h4 f5 16. gxf6 Nxf6 17. h5 cxd5 18. cxd5 Rfc8 19. hxg6 hxg6 20. Nd1 Bb5 21. Qxa5 Rxa5 22. Rc1 Bxe2 23. Kxe2 b6 24. Nf2 Rb5 25. Rc2 Rf8 26. Nh3 Nh7 27. Nf1 Bf6 28. Nd2 Be7 29. Nc4 Ra8 30. Nf2 Rd8 31. Rg1 Kg7 32. Nd1 Nf6 33. Nc3 Rb4 34. Nb1 Nh5 35. Bd2 Nf4+ 36. Kd1 Rxc4 37. Rxc4 Rh8 38. Rc2 Rh3 39. Rf1 g5 40. Nc3 Kg6 41. Be3 Nfd3 42. Rg2 Bf6 43. a3 Nf4 44. Rd2 Be7 45. Bxc5 bxc5 46. Nxa4 Rh8 47. Nb6 Rb8 48. Nc4 g4 49. Rg1 g3 50. Rxg3+ Kf7 51. Rh2 Rb3 52. Rh7+ Ke8 53. Rg8+ Kd7 54. Rgg7 Rxf3 55. Rxe7+ 1-0

[Event "Titled Tuesday intern op 18th Apr Early"]
[Site "Chess.com INT"]
[Date "2023.04.18"]
[Round "4"]
[White "Pranesh, M."]
[Black "Atakishiyev, Elmar"]
[Result "1-0"]
[WhiteElo "2493"]
[BlackElo "2363"]
[PlyCount "111"]
[EventDate "2023.04.18"]
[EventType "swiss (blitz)"]
[EventRounds "11"]
[EventCountry "USA"]
[SourceTitle "EXT 2024"]
[Source "ChessBase"]
[SourceDate "2023.10.10"]
[SourceVersion "1"]
[SourceVersionDate "2023.10.10"]
[SourceQuality "1"]

1. e4 c5 2. Nf3 e6 3. d4 cxd4 4. Nxd4 a6 5. Nc3 Qc7 6. Bd3 b6 7. 0-0 Bb7 8. Kh1 d6 9. f4 Nd7 10. f5 e5 11. Nb3 Ngf6 12. a4 Nc5 13. Nxc5 dxc5 14. Bg5 Rd8 15. Bxf6 gxf6 16. Qe2 Qc8 17. Bc4 Rd4 18. Nd5 Bxd5 19. Bxd5 h5 20. c3 Rxd5 21. exd5 Bd6 22. c4 h4 23. a5 Qc7 24. axb6 Qxb6 25. Rf3 Ke7 26. Rfa3 Rb8 27. R1a2 Ra8 28. h3 a5 29. Qc2 Bc7 30. Rb3 Qd6 31. Qe4 Kd7 32. Rb5 Rg8 33. Kg1 Rg3 34. Ra3 Rg5 35. Kf1 Kc8 36. Ke1 Kd8 37. Kd1 Ke7 38. Kc1 Kf8 39. Kb1 Qd7 40. Rf3 Bd6 41. Ka2 a4 42. Qxh4 Kg7 43. Qe4 Rxg2 44. Qd3 Kf8 45. Qe4 Rg1 46. Qe3 Rg2 47. Rb6 Qc7 48. Rb5 Qd7 49. Rf1 Ke7 50. Qe4 Rd2 51. Re1 Rd4 52. Qc2 a3 53. Qb3 Qc8 54. Rb7+ Kf8 55. Qb6 Be7 56. Rb8 1-0

[Event "EU-ch 23rd"]
[Site "Vrnjacka Banja"]
[Date "2023.03.07"]
[Round "5"]
[White "Gorodetzky, David"]
[Black "Atakishiyev, Elmar"]
[Result "1-0"]
[WhiteElo "2488"]
[BlackElo "2344"]
[PlyCount "67"]
[EventDate "2023.03.03"]
[EventType "swiss"]
[EventRounds "11"]
[EventCountry "SRB"]
[SourceTitle "CBM 213"]
[Source "ChessBase"]
[SourceDate "2023.04.30"]
[SourceVersion "1"]
[SourceVersionDate "2023.04.30"]
[SourceQuality "1"]

1. e4 c5 2. Nf3 d6 3. Bb5+ Nd7 4. 0-0 a6 5. Bd3 b5 6. c4 Rb8 7. cxb5 axb5 8. Qe2 c4 9. Bc2 e5 10. b4 cxb3 11. Bxb3 Be7 12. d4 Bf6 13. Rd1 Ne7 14. Ng5 Bxg5 15. Bxg5 Qc7 16. Na3 Qa5 17. Qf3 Rf8 18. Nc2 Bb7 19. dxe5 Nxe5 20. Qg3 Qb6 21. Bxe7 Kxe7 22. Ne3 g6 23. Bd5 h5 24. Qg5+ f6 25. Qh6 Bc8 26. Qg7+ Ke8 27. Kh1 Bg4 28. Rdc1 Rd8 29. f4 Nd3 30. Nxg4 Nxc1 31. Nxf6+ Rxf6 32. Qxf6 Qc7 33. Qxg6+ Kf8 34. Qg8+ 1-0

[Event "Titled Tuesday intern op 27th Dec Late"]
[Site "Chess.com INT"]
[Date "2022.12.27"]
[Round "4"]
[White "Xiong, Jeffery"]
[Black "Atakishiyev, Elmar"]
[Result "1-0"]
[WhiteElo "2692"]
[BlackElo "2303"]
[PlyCount "47"]
[EventDate "2022.12.27"]
[EventType "swiss (blitz)"]
[EventRounds "11"]
[EventCountry "USA"]
[SourceTitle "EXT 2024"]
[Source "ChessBase"]
[SourceDate "2023.10.10"]
[SourceVersion "1"]
[SourceVersionDate "2023.10.10"]
[SourceQuality "1"]

1. e4 e6 2. d4 d5 3. e5 c5 4. c3 Nc6 5. Nf3 Qb6 6. Be2 Bd7 7. 0-0 Nge7 8. Na3 cxd4 9. cxd4 Nf5 10. Nc2 a5 11. Kh1 Nb4 12. Ne3 Bb5 13. Nxf5 exf5 14. e6 fxe6 15. Bxb5+ Qxb5 16. Re1 Qd3 17. Rxe6+ Kd8 18. Bg5+ Kc7 19. Bf4+ Kd8 20. Bg5+ Kc7 21. Rc1+ Kb8 22. Bf4+ Ka7 23. Qa4 Nc6 24. Ne5 1-0